Faculty of Law Library — Cairo University

Official Online Catalog

التشريع الجنائي الأسلامي. (Record no. 45807)

MARC details
000 -LEADER
fixed length control field 01267nam a2200325 4500
003 - CONTROL NUMBER IDENTIFIER
control field EG-GICUC
005 - DATE AND TIME OF LATEST TRANSACTION
control field 20260121101341.0
008 - FIXED-LENGTH DATA ELEMENTS--GENERAL INFORMATION
fixed length control field 251124s1980 le ||||fr|||| 000 0 ara d
040 ## - CATALOGING SOURCE
Original cataloging agency EG-GICUC
Language of cataloging ara
Transcribing agency EG-GICUC
Modifying agency EG-GICUC
Description conventions rda
041 0# - LANGUAGE CODE
Language code of text/sound track or separate title ara
082 04 - DEWEY DECIMAL CLASSIFICATION NUMBER
Edition number 21
Classification number 255
Item number ع ب . ت
092 04 - LOCALLY ASSIGNED DEWEY CALL NUMBER (OCLC)
Edition number 21
099 ## - LOCAL FREE-TEXT CALL NUMBER (OCLC)
Classification number Law1 01 255 ع ب . ت [1980]
100 0# - MAIN ENTRY--PERSONAL NAME
Personal name عبدالقادر عودة
Relator term مؤلف.
245 10 - TITLE STATEMENT
Title التشريع الجنائي الأسلامي.
Number of part/section of a work الجزء الأول :
Remainder of title مقارنا بالقانون الوضعي /
Statement of responsibility, etc. تأليف عبدالقادر عوده.
264 #1 - PRODUCTION, PUBLICATION, DISTRIBUTION, MANUFACTURE, AND COPYRIGHT NOTICE
Place of production, publication, distribution, manufacture بيروت :
Name of producer, publisher, distributor, manufacturer دار الكاتب العربي،
Date of production, publication, distribution, manufacture, or copyright notice [1980].
300 ## - PHYSICAL DESCRIPTION
Extent 818 صفحة، صفحات غير مرقمة ؛
Dimensions 24 سم.
336 ## - CONTENT TYPE
Source rda content
Content type term text
337 ## - MEDIA TYPE
Source rda media
Media type term Computer
338 ## - CARRIER TYPE
Source rda carrier
Carrier type term Online Resource
490 0# - SERIES STATEMENT
Materials specified سلسلة الثقافة العامة
504 ## - BIBLIOGRAPHY, ETC. NOTE
Bibliography, etc. note ببليوجرافيا: صفحات 786-782
504 ## - BIBLIOGRAPHY, ETC. NOTE
Bibliography, etc. note يشتمل على إرجاعات ببليوجرافية.<br/><br/>
546 ## - LANGUAGE NOTE
Language note النص باللغة العربية
650 1# - SUBJECT ADDED ENTRY--TOPICAL TERM
Topical term or geographic name entry element الجنايات
Source of heading or term qrmak
651 1# - SUBJECT ADDED ENTRY--GEOGRAPHIC NAME
Source of heading or term qrmak
856 40 - ELECTRONIC LOCATION AND ACCESS
Uniform Resource Identifier <a href="https://fll.law.cu.edu.eg/fulltext/bks/B01-03228.pdf">https://fll.law.cu.edu.eg/fulltext/bks/B01-03228.pdf</a>
905 ## - Cataloger and Reviser Names
Cataloger Name: Omar
Revisor Name: Yara
942 ## - ADDED ENTRY ELEMENTS (KOHA)
Source of classification or shelving scheme Dewey Decimal Classification
Suppress in OPAC No
Koha item type Books
Edition 21
Holdings
Withdrawn status Lost status Source of classification or shelving scheme Damaged status Not for loan Collection Home library Current library Date acquired Total checkouts Full call number Barcode Date last seen Copy number Price effective from Koha item type
    Dewey Decimal Classification   Not for loan الشريعة الإسلامية جــــامعة القــاهرة مكتبة كلية الحقوق - المبنى الرئيسي 24.11.2025   Law1 01 255 ع ب . ت [1980] 01032228 V1, C1 B01-03228 24.11.2025 1 24.11.2025 Books

© All rights reserved — Faculty of Law, Cairo University